MDQL
is popping MORE tags! Check the
thread
!
Quizzes
Events
Quiz Creation
Community
Videos
Private Events
Remove Ads
Sign In
Join for FREE
Feedback
Dark Mode
Quiz Categories
Sports
Geography
Music
Movies
Television
Just For Fun
Miscellaneous
History
Literature
Language
Science
Gaming
Entertainment
Religion
Holiday
For Kids
Quiz Lab
Recent
Popular Today
Quiz Kudos Today
Editor Picks
Curator Picks
Quizzes by...
Day
Popularity
Type
Ratings
Length
Year
Community
Subscriptions
Recent Discussions
Orange Saloon
Badges
Playlists
Quests
Create
Leaderboards
Showdown
Live 5
Trivia Bingo
Activity
Puzzle Library
Sporcle Events
Private Events
Virtual Trivia
Globe League
Become a Host
Pub Owners
SporcleCon
Opinionation
Our Games
Videos
Blog
Mobile Apps
Partnerships
Remove Ads and Go Orange
Feedback
Sports
Athletes
MLB
NBA
NHL
NFL
Soccer
Sports Teams
WWE
NCAA
Football
Premier League
Basketball
Baseball
Hockey
Golf
Tennis
Cricket
Rugby
Auto Racing
Olympics
World Cup
Sports
Athletes
MLB
NBA
NHL
NFL
Soccer
Sports Teams
WWE
NCAA
Football
Premier League
Basketball
Baseball
Hockey
Golf
Tennis
Cricket
Rugby
Auto Racing
Olympics
World Cup
Random Quiz
Search Sporcle
×
Quiz Lab
Quiz Lab
Sports
NBA
Type in answers that appear in a list
Type in answers that appear in a list
Classic
Best Score? Go Orange.
NBA Top Scoring Games' Next Best Scorer 2000-Present Stats
Can you name the second fiddle from these high scoring NBA games?
By
Authority
15m
46 Questions
944 Plays
944 Plays
944 Plays
Comments
Comments
Give Quiz Kudos
Give Quiz Kudos
-
- Ratings
hide this ad
More Info
Replay
Link that replays current quiz
Next Quiz
Link to next quiz in quiz playlist
You Got
0%
They Got
Avg Score
39%
Avg Friend Score
Upgrade to see
Score Distribution
Jump to the score distribution portion of the page
Score
0/46
Timer
15:00
0
Plays Today
Team
Player
% Correct
LAL
Shaquille O'Neal-26
93.2%
LAL
Pau Gasol-31
89.3%
LAL
Pau Gasol-17
89.3%
OKC
Russell Westbrook-31
74.6%
LAL
Smush Parker-13
66.8%
LAL
Smush Parker-17
66.8%
CLE
Mo Williams-23
65.6%
LAL
Lamar Odom-15
65.3%
LAL
Lamar Odom-20
65.3%
LAL
Lamar Odom-16
65.3%
SAS
Tim Duncan-30
60%
SAS
David Robinson-13
59.6%
ORL
Juwan Howard-14
56.1%
CLE
Zydrunas Ilgauskas-15
55.5%
CLE
Zydrunas Ilgauskas-20
55.5%
POR
LaMarcus Aldridge-21
54.4%
WAS
Caron Butler-27
53.3%
WAS
Caron Butler-34
53.3%
MIL
Andrew Bogut-19
51.8%
PHO
Rodney Rogers, Shawn Marion-16
45.1%
PHI
Andre Iguodala-18
44.2%
NYK
Latrell Sprewell-14
40.6%
DAL
Jason Terry, Marquis Daniels-14
40%
Team
Player
% Correct
LAL
Rick Fox-15
38.1%
PHI
Aaron McKie-20
34.9%
PHI
Chris Webber-16
33.9%
LAL
Robert Horry-12
28.7%
IND
Jamaal Tinsley-15
23.7%
NJN
Kris Humphries-11
22.9%
LAL
Luke Walton-14
21.9%
CLE
Drew Gooden-24
20.1%
ORL
Drew Gooden-22
20.1%
POR
Steve Blake-22
17.5%
POR
Nick Van Exel-23
16.6%
LAL
Chris Mihm-9
16.5%
MIA
Michael Beasley-28
15.9%
GSW
Carl Landry-15
14.3%
LAL
Sasha Vujacic-14
14.2%
LAL
Maurice Evans-17
12.3%
SEA
Nick Collison-25
11.7%
DET
Chucky Atkins-19
8.8%
PHI
Corliss Williamson-18
6.8%
MIL
Ruben Patterson-18
6.7%
MIL
Ruben Patterson-17
6.7%
PHI
Speedy Claxton-16
4%
NYK
Channing Frye-16
3.5%
Quiz Playlist
Details
Report
Send in Message
Add To Playlist
More Info:
Alternate quiz title: name all the teammates that Kobe Bryant ever had.
Classic:
Type in answers that appear in a list
Quiz Source
Last Updated: Feb 16, 2017
Quiz Scoreboard
CHALLENGE
Sign Up to Join the Scoreboard
Show All
Scores
Hide
Comments
May contain spoilers
Recently Published
Two Season TV Shows II
by 123Four
Television
10m
Image Sorting: Flags VI
by Barbecue
Geography
2m
Find the 'City' Movie
by crazypaving
Movies
60s
More to Explore
Quiz From the Vault
Featured Blog Post
14 Easter Pick-up Lines to Find Eggs With
hide this ad
You Might Also Like...
Tags
Basketball Quiz
NBA Quiz
Today's Top Quizzes in Sports
Browse Sports
hide this ad
Today's Top Quizzes in NBA
Browse NBA
Top Contributed Quizzes in Sports
1
Les meilleurs buteurs des matchs entre le PSG et l’OM
2
Les entraîneurs de l'OM et du PSG au 21e siècle
3
2022 World Cup Stars
4
Les joueurs passés par le PSG et l'OM
5
Players with Multiple 50 Home Run Seasons
6
FIFA Club World Cup Champions
7
Criteria MLB: Left Handed Sluggers
8
Les joueurs passés par le LOSC et le RC Lens
9
Top 10 NHL Goal Scorers of All Time
10
MLB Players with Two .350 Batting Average Seasons
Explore More
Trending Topics
Anime
Kpop
Harry Potter
NBA
Disney
Marvel
Crossword
Pokémon
Country
Soccer
Puzzle
The Office
NFL
Song
WWE
hide this ad
More By:
Authority
Quiz
Plays
Rating
Category
Featured
Created
NBA Top Performances (2011-2012)
10,578
4.74
Sports
Jul 25, 2012
Scrabble-legal NBA Players
7,750
4.44
Sports
May 7, 2012
2011-12 NBA Triple-Doubles
3,928
4.57
Sports
May 13, 2012
2012-2013 NBA Triple Doubles
3,405
4.13
Sports
Apr 19, 2013
NBA 2011-12 Three Point Leaders
2,794
3.92
Sports
May 23, 2012
Go to Creator's Profile
Score Distribution
Quiz Creator Spotlight
Authority
Follow
Send a Message
Quizzes Created
-
Created Quiz Play Count
-
More By This Creator
Popular Quizzes Today
1
Find the US States - No Outlines Minefield
2
Colored Red Africa Blitz
3
Find the 'City' Movie
4
5x2 Blitz: Bands
5
The Countries of the World
6
Find the Countries of Europe - No Outlines Minefield
7
Find the US States
8
US States
More Sports Quizzes
2000s NBA Player Bunker
Published
Trending Quizzes
Colored Red Europe Blitz I
Colored Red Africa Blitz II
Colored Red Europe Blitz II
Colored Red Europe Blitz III
Colored Red Africa Blitz III
Recently Updated
How Do You Spell That?
pecheneg
Godzilla Movies
pecheneg
Grab Bag: 4-10 Letters
pecheneg
2024 March Madness Bracket
pecheneg
Famous TV Couples
Peacemaker
Champions League XIs: Real Madrid
pecheneg
Largest US Cities 1790-2010
pecheneg
Rides in Walt Disney World
pecheneg
Most Oscar Losses (Acting)
pecheneg
Beyoncé Albums
pecheneg
Trending Topics
Disney
Crossword
Marvel
Kpop
Harry Potter
Anime
NBA
Song
NFL
Pokémon
WWE
Country
Soccer
Puzzle
The Office
Your Account Isn't Verified!
In order to create a playlist on Sporcle, you need to verify the email address you used during registration. Go to your
Sporcle Settings
to finish the process.
Report this User
Report this user for behavior that violates our
Community Guidelines
.
Details:
Send Report
Go to the Sporcle.com Mobile Site →
Comments